The Bliss of Integration : (Record no. 201760)

MARC details
000 -LEADER
fixed length control field 00634nam a22001817a 4500
005 - DATE AND TIME OF LATEST TRANSACTION
control field 20240326102547.0
010 ## - LCCN (DPL NO)
LC control number ENG-139894
020 ## - INTERNATIONAL STANDARD BOOK NUMBER
International Standard Book Number 9789381523827
Terms of availability 50000
035 ## - SYSTEM CONTROL NUMBER
System control number EN-123426
037 ## - SOURCE OF ACQUISITION
Source of stock number/acquisition DBAD/PUB
082 ## - DEWEY DECIMAL CLASSIFICATION NUMBER
Classification number 270.7
Edition number 1
100 ## - MAIN ENTRY--PERSONAL NAME
Personal name Bilgrami ,Dr Tahseen
245 ## - TITLE STATEMENT
Title The Bliss of Integration :
Remainder of title Impact of Muslim religious institutions during Qutb Shahs /
Statement of responsibility, etc Dr . Tahseen Bilgrami
260 ## - PUBLICATION, DISTRIBUTION, ETC. (IMPRINT)
Place of publication, distribution, etc Secundrabad
Name of publisher, distributor, etc National publisher
Date of publication, distribution, etc 2011
270 ## - ADDRESS
City Secundrabad
Address 17/A Indrapuri Railway colony West Maradpalli
Postal code 500026
300 ## - PHYSICAL DESCRIPTION
Extent 218p.
Dimensions 22cm(hbk)
Other physical details Ill.
942 ## - ADDED ENTRY ELEMENTS (KOHA)
Source of classification or shelving scheme Dewey Decimal Classification
Item type English Books
Call number suffix BIL
Classification part 270.7
Edition 1
Holdings
Withdrawn status Lost status Not for loan Collection code Home library Current library Date acquired Source of acquisition Cost, normal purchase price Full call number Barcode Copy number Cost, replacement price Koha item type
      Non-fiction Bawana Bawana 26/03/2024 DBAD 500.00 BIL 270.7 EN-123426 1 500.00 English Books

© Delhi Public Library
Hit Counter
free hit counter